Statistics for Countries With Smallest Total Wealth

Click here to take the quiz!

General Stats

  • This quiz has been taken 16 times
  • The average score is 16 of 21

Answer Stats

$ (Billions)Country% Correct
2Guinea Bissau
92%
3Burundi
85%
2Lesotho
85%
4Samoa
85%
4Seychelles
85%
2St. Vincent and the Grenadines
85%
2Central African Republic
77%
2Comoros
77%
3East Timor
77%
2Gambia
77%
0Sao Tome and Principe
77%
3Sierra Leone
77%
4Solomon Islands
77%
3Tonga
77%
2Djibouti
69%
3Grenada
69%
2Suriname
69%
2Vanuatu
69%
2Antigua and Barbuda
62%
2Belize
62%
2Dominica
62%

Score Distribution

Percentile by Number Answered

Percent of People with Each Score

Your Score History

You have not taken this quiz